JOM TEROKA BIDANG SAINS SUKAN / (Record no. 142023)

MARC details
000 -LEADER
fixed length control field 01050cam a2200313 i 4500
001 - CONTROL NUMBER
control field vtls000699385
003 - CONTROL NUMBER IDENTIFIER
control field PNM
005 - DATE AND TIME OF LATEST TRANSACTION
control field 20180728150108.0
008 - FIXED-LENGTH DATA ELEMENTS--GENERAL INFORMATION
fixed length control field 160506t20132013my o b 000 0 may
015 ## - NATIONAL BIBLIOGRAPHY NUMBER
National bibliography number M14-03361
020 ## - INTERNATIONAL STANDARD BOOK NUMBER
International Standard Book Number 9789673911455
Qualifying information hardback
Terms of availability RM114.00
039 #9 - LEVEL OF BIBLIOGRAPHIC CONTROL AND CODING DETAIL [OBSOLETE]
Level of rules in bibliographic description 201605061125
Level of effort used to assign nonsubject heading access points VLOAD
Level of effort used to assign subject headings 201604260953
Level of effort used to assign classification VLOAD
Level of effort used to assign subject headings 201406161518
Level of effort used to assign classification manoriah
Level of effort used to assign subject headings 201404181633
Level of effort used to assign classification anis_o
040 ## - CATALOGING SOURCE
Original cataloging agency BNM
Language of cataloging eng
Transcribing agency BNM
Modifying agency PNM
-- PPAK
Description conventions rda
049 ## - LOCAL HOLDINGS (OCLC)
Holding library klpmal
082 04 - DEWEY DECIMAL CLASSIFICATION NUMBER
Classification number 796
Edition number 23
090 00 - LOCALLY ASSIGNED LC-TYPE CALL NUMBER (OCLC); LOCAL CALL NUMBER (RLIN)
Classification number (OCLC) (R) ; Classification number, CALL (RLIN) (NR) 796
Feature heading SIT
Feature heading K
100 0# - MAIN ENTRY--PERSONAL NAME
Personal name Siti Zaharah,
Dates associated with a name 1977-,
Relator term author.
245 10 - TITLE STATEMENT
Title JOM TEROKA BIDANG SAINS SUKAN /
Statement of responsibility, etc. Siti Zaharah
264 #1 - PRODUCTION, PUBLICATION, DISTRIBUTION, MANUFACTURE, AND COPYRIGHT NOTICE
Place of production, publication, distribution, manufacture Seri Kembangan, Selangor :
Name of producer, publisher, distributor, manufacturer Penerbitan Premier,
Date of production, publication, distribution, manufacture, or copyright notice 2013
Date of production, publication, distribution, manufacture, or copyright notice ©2013
300 ## - PHYSICAL DESCRIPTION
Extent ii, 44 pages :
Other physical details colour photographs ;
Dimensions 31 cm +
Accompanying material 1 paper 3d spectacles
336 ## - CONTENT TYPE
Content type term text
Source rdacontent
337 ## - MEDIA TYPE
Media type term unmediated
Source rdamedia
338 ## - CARRIER TYPE
Carrier type term volume
Source rdacarrier
504 ## - BIBLIOGRAPHY, ETC. NOTE
Bibliography, etc. note Bibliography: page 44
650 10 - SUBJECT ADDED ENTRY--TOPICAL TERM
Topical term or geographic name entry element Sports sciences
Form subdivision Juvenile literature
Topical term or geographic name entry element Sports sciences
Geographic subdivision Malaysia
Form subdivision Juvenile literature
942 ## - ADDED ENTRY ELEMENTS (KOHA)
Source of classification or shelving scheme Dewey Decimal Classification
Koha item type Book
Holdings
Withdrawn Not for loan Current library Shelving location Date acquired Full call number Barcode Date last seen Koha item type
    Perpustakaan Alor Setar Pinjaman Kanak-kanak 23/04/2018 K 796 SIT A00736633 23/04/2018 Book